000
00273nam a2200109Ia 4500
008
190216s9999||||xx |||||||||||||| ||und||
100
_a
Nisar Ahammed Khan
245
0
_a
Vector Spaces Of Finite Dimensions
260
_b
Ramprasad&Sons
650
_a
Mathematics
942
_c
BK
999
_c
30677
_d
30677